00485nam a2200193 a 4500001001300000003000900013005001700022008004100039020000900080082001500089100001700104245003800121260002500159300001000184500003500194505002100229650002400250700001700274nice12345678IN_TiNIC20260116013300.0050524s2000 dela grp 000 0 eng  ac9500a268.6bING aIngleby, J C aMissionaries, Education and India aDelhi bISPCK c2000 a400p. aincludes index and biblioraphy2 aScripture Index. aChristian-Education1 aIngleby, J C